Calculus with analytic geometry / (Record no. 925)

MARC details
000 -LEADER
fixed length control field 00783nam a2200277 4500
001 - CONTROL NUMBER
control field 4314631
005 - DATE AND TIME OF LATEST TRANSACTION
control field 20141024090654.0
007 - PHYSICAL DESCRIPTION FIXED FIELD--GENERAL INFORMATION
fixed length control field 000
008 - FIXED-LENGTH DATA ELEMENTS--GENERAL INFORMATION
fixed length control field 000
010 ## - LIBRARY OF CONGRESS CONTROL NUMBER
LC control number 87030983
020 ## - INTERNATIONAL STANDARD BOOK NUMBER
International Standard Book Number 0867200936 :
Terms of availability $45.00
040 ## - CATALOGING SOURCE
Original cataloging agency UOEL
Transcribing agency DLC
Modifying agency DLC
050 00 - LIBRARY OF CONGRESS CALL NUMBER
Classification number QA303
Item number .P972 1988
082 00 - DEWEY DECIMAL CLASSIFICATION NUMBER
Classification number 515/.15
Edition number 19
100 1# - MAIN ENTRY--PERSONAL NAME
Personal name Protter, Murray H.
245 10 - TITLE STATEMENT
Title Calculus with analytic geometry /
Statement of responsibility, etc Murray H. Protter, Philip E. Protter
250 ## - EDITION STATEMENT
Edition statement 4th ed.
260 ## - PUBLICATION, DISTRIBUTION, ETC. (IMPRINT)
Place of publication, distribution, etc Boston ;
Name of publisher, distributor, etc Jones and Bartlett ,
Date of publication, distribution, etc c1988.
300 ## - PHYSICAL DESCRIPTION
Extent xii, 847, [125] p. :
Other physical details ill. ;
Dimensions 27 cm.
500 ## - GENERAL NOTE
General note Includes index
650 #0 - SUBJECT ADDED ENTRY--TOPICAL TERM
Topical term or geographic name as entry element Calculus.
General subdivision Mathematics
Topical term or geographic name as entry element Geometry, Analytic.
General subdivision Mathematics
700 1# - ADDED ENTRY--PERSONAL NAME
Personal name Protter, Philip E.
906 ## - LOCAL DATA ELEMENT F, LDF (RLIN)
a 7
b cbc
c orignew
d 1
e ocip
f 19
g y-gencatlg
942 ## - ADDED ENTRY ELEMENTS (KOHA)
Source of classification or shelving scheme Library of Congress Classification
Item type Short Loan for 1 day
Holdings
Withdrawn status Lost status Source of classification or shelving scheme Damaged status Not for loan Home library Current library Shelving location Date acquired Total Checkouts Full call number Barcode Date last seen Date last borrowed Copy number Price effective from Koha item type
    Library of Congress Classification     UOE Main Library UOE Main Library Short Loan Area 24/10/2014 12 QA303 .P972 1988 20138000 27/04/2026 17/04/2019 20138000 24/10/2014 Short Loan for 1 day